| 000 | 01411cam a2200337 a 4500 | ||
|---|---|---|---|
| 001 | 15035688 | ||
| 005 | 20080910150710.0 | ||
| 008 | 071005s2008 okua b 001 0 eng | ||
| 010 | _a2007041136 | ||
| 020 | _a9781593701376 | ||
| 035 | _a(OCoLC)ocn173809075 | ||
| 035 | _a(OCoLC)173809075 | ||
| 040 |
_aDLC _cDLC _dBTCTA _dYDXCP _dBAKER _dC#P _dDLC |
||
| 050 | 0 | 0 |
_aHF5686.P3 _bG3 2008 |
| 082 | 0 | 0 |
_a657.862 _222 _bWRI |
| 100 | 1 |
_aWright, Charlotte J. _94133 |
|
| 245 | 1 | 0 |
_aFundamentals of Oil & Gas Accounting / _cCharlotte J. Wright and Rebecca A. Gallun. |
| 246 | 3 | _aFundamentals of oil and gas accounting | |
| 250 | _a5th ed. | ||
| 260 |
_aTulsa, Okla. : _bPennWell, _cc2008. |
||
| 300 |
_axiv, 770 p. : _bill. ; _c26 cm. |
||
| 500 | _aRev. ed. of: Fundamentals of oil & gas accounting / Rebecca A. Gallun ... [et al.]. 4th ed. | ||
| 504 | _aIncludes bibliographical references and index. | ||
| 650 | 0 |
_aPetroleum industry and trade _xAccounting. _94134 |
|
| 650 | 0 |
_aGas industry _xAccounting. _94135 |
|
| 700 | 1 |
_aGallun, Rebecca A. _94136 |
|
| 730 | 0 |
_aFundamentals of oil & gas accounting. _94137 |
|
| 942 |
_2ddc _cBB |
||
| 999 |
_c11400 _d11400 |
||